000 00273 a2200097 4500
001 79029
090 _c39523
_d39523
100 _aKaleem Muhammad Arayan
245 _aSeerat quiz: Hayat-e- Syed-ul-Ambiaa sulallah-o-Alaihe Wasallum swalun Jawabun
260 _bSang-e-Meel Publications
942 _aNUST-CAE
999 _c314102
_d314102